| 000 | 00808nam a22001937a 4500 | ||
|---|---|---|---|
| 003 | BDDh-ASL | ||
| 005 | 20231204114759.0 | ||
| 008 | 231204s2021 b ||||| |||| 00| 0 b d | ||
| 040 |
_aBDDh-ASL _cBDDh-ASL |
||
| 041 | _aben | ||
| 082 |
_a923.5492 _bBAN |
||
| 245 | 0 | 0 | _aবঙ্গবন্ধু স্মারক বক্তৃতামালা ২০১৪-২০২১ / |
| 246 | _aBangabandhu Sarok Boktritamala 2014-2021. | ||
| 260 |
_aDhaka: _bAsiatic Society of Bangladesh, _c2021. |
||
| 300 |
_ap. 335 : _c23 cm. |
||
| 600 | 1 | 0 |
_aRahman, Sheikh Mujibur ( শেখ মুজিবুর রহমান) _cBangabandhu (বঙ্গবন্ধু) _d1920-1975 (১৯২০-১৯৭৫) _93054 |
| 700 | 1 |
_aরহমান, এস এম মাহফুজুর _98337 |
|
| 942 |
_2ddc _cBK |
||
| 999 |
_c34475 _d34475 |
||